An introduction to the study of education.
Na minha lista:
| Formato: | Livro |
|---|---|
| Idioma: | English |
| Publicado em: |
London :
David Fulton,
1999.
|
| Assuntos: | |
| Tags: |
Adicionar Tag
Sem tags, seja o primeiro a adicionar uma tag!
|
| Thư viện lưu trữ: | Mạng thư viện Đại học Đà Nẵng |
|---|
| LEADER | 00815cam a2200313 i 4500 | ||
|---|---|---|---|
| 001 | 000045287 | ||
| 003 | 4459 | ||
| 005 | 20030226150412.0 | ||
| 008 | 010220|1999 vm 000 eng | ||
| 020 | |a 1853466123 (pbk.) | ||
| 040 | |a IRC |c IRC |d IRC | ||
| 041 | 0 | |a eng | |
| 082 | 1 | 4 | |a 370.71141 |b In-S |
| 245 | 0 | 3 | |a An introduction to the study of education. |
| 260 | |a London : |b David Fulton, |c 1999. | ||
| 300 | |a vii, 184p. | ||
| 630 | 0 | 4 | |a Education. |
| 650 | 0 | 4 | |a Education |x Study and teaching (Higher) |z Great Britain. |
| 650 | 0 | 4 | |a Education |z Great Britain |x Philosophy. |
| OWN | |a DUT | ||
| 999 | |a From the UDN01 | ||
| TYP | |a Monograph | ||
| TYP | |a Printed language | ||
| 980 | |a Mạng thư viện Đại học Đà Nẵng | ||


